| 000 | 01293nam0a22002291 4500 | ||
|---|---|---|---|
| 001 | rc\1140789 | ||
| 005 | 20250622194426.0 | ||
| 035 | _a(NLR Aleph) 006387299 | ||
| 090 |
_a5123975 _c5123975 |
||
| 100 | _a20041129d1980 |||y0rusy50 ca | ||
| 101 | 0 | _arus | |
| 102 | _aRU | ||
| 105 | _aa ||||||||| | ||
| 200 | 1 |
_aИнструкция по монтажу сборных железобетонных многоволновых оболочек положительной кривизны с сеткой колонн 18х24, 18х30, 18х36 и 24х24 м из элементов типовой серии 1.466-1 методом предварительной сборки плит в блоки (бескондукторный способ монтажа) _eВСН 6614 88-79 _eУтв. Главзапстроем М-ва стр-ва СССР 29.11.78 _e[Взамен ВИ 40-66 и ВУ 108-73 _eСрок действия с 1980 г. до 1984 г.] |
|
| 210 |
_aЛ. _cТрест "Оргтехстрой" _d1980 |
||
| 215 |
_a35 с. _cил. _d21 |
||
| 712 | 0 | 1 |
_aСССР _bТеррит. главное упр. по строительству в западных районах РСФСР |
| 801 | 0 |
_aRU _bNLR _gpsbo |
|
| 801 | 1 |
_aRU _bELAR _2rusmarc |
|
| 852 |
_aNLR _bПт _j80/422 |
||
| 942 | _cBOOK | ||
| 980 | _aNB | ||